Kraje z największą szansą na wygranie Eurowizji 2021 - Statystyki

Ogólne statystyki
  • Ten quiz został rozwiązany 53 razy
  • Średni wynik to 11 z 15
Statystyki odpowiedzi
% Kraj % Poprawnych
22 Francja
95%
26 Włochy
95%
6 Ukraina
93%
5 Szwajcaria
84%
2 Szwecja
81%
5 Finlandia
77%
1 Norwegia
74%
2 Litwa
72%
5 Islandia
67%
1 Portugalia
67%
17 Malta
65%
1 Bułgaria
63%
1 Azerbejdżan
44%
1 Cypr
44%
1 San Marino
44%
Nie znaleziono quizów pasujących do podanych kryteriów
Rozkład punktacji
Procent ludzi z każdym wynikiem
Percentyl według liczby udzielonych odpowiedzi
Twoja historia wyników
Nie rozwiązałeś tego quizu